El proceso matemático de clasificar.

Gespeichert in:
Bibliographische Detailangaben
1. Verfasser: Luque Arias, Carlos Julio (autor)
Weitere Verfasser: Mora Mendieta, Lyda Constanza, Torres Díaz, Johana Andrea
Format: Buch
Sprache:Spanisch
Veröffentlicht: Bogotá, Colombia Universidad Pedagógica Nacional 2004
Schlagworte:
Tags: Tag hinzufügen
Keine Tags, Fügen Sie den ersten Tag hinzu!

MARC

LEADER 00000nam a2200000 a 4500
001 UCL8733
003 CL-VaPUC
005 20240819115757.0
008 040702e20040000CK |||||||||||||||||spa|d
999 |c 309903  |d 309901 
020 |a 9589097995 
040 |c Pontificia Universidad Católica de Valparaíso 
082 0 4 |a 511 LUQ 2004  |2 21 
100 |a Luque Arias, Carlos Julio  |e autor  |9 526023 
245 1 3 |a El proceso matemático de clasificar. 
260 0 3 |a Bogotá, Colombia  |b Universidad Pedagógica Nacional  |c 2004 
300 |a 92 páginas. 
583 |a last modification  |c 20040702 00:00:00  |k Rodrigo Vera 
650 0 |a Matemática  |9 260235 
650 0 |a Lógica matemática   |9 262442 
650 0 |a Abstracción  |9 344698 
700 0 |a Mora Mendieta, Lyda Constanza  |9 486707 
700 0 |a Torres Díaz, Johana Andrea  |9 486708 
942 |c BK  |2 ddc 
945 |d 20040702 00:00:00  |a cmena 
952 |0 0  |1 0  |2 ddc  |4 0  |6 511_000000000000000_LUQ_2004  |7 0  |8 A  |9 377762  |a BIBMAT  |b BIBMAT  |c E_DIDACT  |d 2019-11-21  |i 4032608  |o 511 LUQ 2004  |p 4032608  |r 2025-01-07  |t 1  |w 2019-11-21  |y BK  |k MAT